[Event "Warsaw-ch"]
[Site "Warsaw"]
[Date "1997.??.??"]
[Round "6"]
[White "Grabarczyk, Miroslaw"]
[Black "Lachowski, Adam"]
[Result "1-0"]
[WhiteElo "2480"]
[BlackElo "2205"]

1.d4 Nf6 2.c4 c5 3.d5 e6 4.Nc3 exd5 5.cxd5 d6 6.Nf3 g6 7.h3 Bg7 8.e4 O-O
9.Bd3 a6 10.a4 Nh5 11.O-O Nd7 12.Be3 Re8 13.Qd2 Rb8 14.Rab1 Ne5 15.Be2 Nf6
16.b4 cxb4 17.Rxb4 Qa5 18.Rfb1 Nxf3+ 19.Bxf3 Nd7 20.Ba7 Ra8 21.Bd4 Nc5 22.Bxg7 Kxg7
23.Qd4+ f6 24.Rb6 Rd8 25.Bd1 g5 26.Ne2 Qe1+ 27.Kh2 Bxh3 28.Ng3 Nd7 29.Rxb7 Kh8
30.Bg4 Qxb1 31.Rxb1 Bxg4 32.f3 Bxf3 33.gxf3 Ne5 34.Kg2 Rac8 35.Rb2 Rc1 36.Nf5 h5
37.Qa7 Rd7 38.Rb8+ Kh7 39.Rb7 Rc2+ 40.Kf1  1-0

[Event "Zagreb op"]
[Site "Zagreb"]
[Date "1997.??.??"]
[Round "4"]
[White "Lazovic, Gordan"]
[Black "Sale, Srdjan"]
[Result "1-0"]
[WhiteElo "2310"]
[BlackElo "2425"]

1.d4 Nf6 2.c4 e6 3.Nf3 c5 4.d5 exd5 5.cxd5 d6 6.Nc3 g6 7.Bf4 Bg7 8.Qa4+ Bd7
9.Qb3 Qc7 10.e4 Nh5 11.Be3 O-O 12.Nd2 f5 13.exf5 gxf5 14.Be2 Be8 15.O-O Nd7
16.Nc4 a6 17.a4 f4 18.Bd2 Ne5 19.Nxe5 Bxe5 20.Ne4 Qg7 21.Bf3 Bg6 22.Ng5 Bc2
23.Qxc2 Qxg5 24.a5 Nf6 25.Kh1 Kh8 26.Ra3 Rg8 27.Rb3 Rg7 28.Bc3 Re8 29.Rb6 Rd7
30.Re1 Kg7 31.h3 Kf8 32.Qb3 Ree7 33.Kh2 Qh4 34.Bxe5 Rxe5 35.Rxe5 dxe5 36.Qc3 Re7
37.d6 Re8 38.d7 Nxd7 39.Rxb7 Re7 40.Bc6 Nf6 41.Qxc5 Ng8 42.Bd5 Kg7 43.Rb8 Nh6
44.Qxe7+ Qxe7 45.Rb7 Kf6 46.Rxe7 Kxe7 47.Bb7 Nf7 48.Bxa6 Kd7 49.Bd3 h6 50.b4 Nd6
51.f3 Kc6 52.Kg1  1-0

[Event "Weihnachts op-M 21th"]
[Site "Zuerich"]
[Date "1997.??.??"]
[Round "?"]
[White "Dobosz, Henryk"]
[Black "Kuemin, Simon"]
[Result "1-0"]
[WhiteElo "2395"]
[BlackElo "2155"]

1.d4 Nf6 2.Nf3 c5 3.d5 e6 4.c4 d6 5.Nc3 exd5 6.cxd5 g6 7.e4 Bg7 8.h3 O-O
9.Bg5 Qa5 10.Bd2 Re8 11.Bd3 a6 12.O-O Qc7 13.Rc1 Nbd7 14.Re1 b5 15.b4 Qd8
16.a3 Bb7 17.Bf4 Bf8 18.Bb1 Rc8 19.Nd2 Ne5 20.bxc5 Rxc5 21.Be3 Rc8 22.a4 b4
23.Na2 a5 24.Qe2 Ra8 25.Qd1 Ba6 26.Qb3 Ned7 27.Bd3 Bxd3 28.Qxd3 Qb8 29.Bd4 Nc5
30.Rxc5  1-0

[Event "Europe vs Americas"]
[Site "Mermaid Beach"]
[Date "1998.01.27"]
[Round "2"]
[White "Vescovi, Giovanni"]
[Black "Peptan, Corina"]
[Result "1-0"]
[WhiteElo "2480"]
[BlackElo "2410"]

1.d4 Nf6 2.c4 e6 3.Nf3 c5 4.d5 d6 5.Nc3 exd5 6.cxd5 g6 7.e4 a6 8.h3 Bg7 9.a4 O-O
10.Bd3 Re8 11.O-O c4 12.Bc2 Nbd7 13.Be3 Qc7 14.Qe2 Rb8 15.Ba7 Ra8 16.Be3 Rb8
17.a5 b5 18.axb6 Nxb6 19.Nd2 Nfd7 20.Ra2 Bb7 21.Ba4 Nxa4 22.Rxa4 Nb6 23.Rb4 Bc8
24.Nxc4 Nxc4 25.Rxc4 Qb7 26.Qd3 Bd7 27.Bd4 Bxd4 28.Qxd4 Qxb2 29.Rb1 Qa3 30.Rxb8 Rxb8
31.Rc7 Be8 32.e5 Rb4 33.Qe3 Rb8 34.Qf4 Rd8 35.e6 fxe6 36.dxe6 Qa1+ 37.Kh2 Qa5
38.e7  1-0

[Event "Budapest FS03 IM"]
[Site "Budapest"]
[Date "1998.03.08"]
[Round "2"]
[White "Goczo, Melinda"]
[Black "Rodriguez Lopez, Rafael"]
[Result "1/2-1/2"]
[WhiteElo "2170"]
[BlackElo "2285"]

1.d4 Nf6 2.Nf3 c5 3.d5 e6 4.c4 d6 5.Nc3 exd5 6.cxd5 g6 7.e4 Bg7 8.Bd3 O-O
9.h3 Re8 10.O-O c4 11.Bc2 b5 12.Re1 a6 13.Bf4 Qb6 14.Qd2 Nbd7 15.Nd4 Bb7
16.Rad1 Nc5 17.a3 Rac8 18.Kh1 Nfd7 19.Be3 Qc7 20.f4 Ba8 21.Bg1 Qb8 22.Nc6 Bxc6
23.dxc6 Rxc6 24.Qd5 Qc8 25.Qg5 Nf6 26.Bd4 Ne6 27.Qh4 Nxd4 28.Rxd4 Qb8 29.Nd1 Rc5
30.Rd2 a5 31.Qf2 Qc7 32.Rde2 b4 33.a4 b3 34.Bb1 Nd7 35.Ne3 Nb6 36.f5 c3 37.bxc3 Bxc3
38.Rd1 Be5 39.g3 Rc1 40.Ree1 Rxd1 41.Rxd1 Qc5 42.Qf3 Qc3 43.Rf1 Re7 44.Qe2 Rc7
45.Bd3 Qb2 46.Qf3 Qd4 47.Ng4 Kg7 48.h4 b2 49.Kg2 Rc1 50.Rf2 Qxd3 51.Qxd3 b1=Q
52.f6+ Bxf6 53.Qf3 Rg1+ 54.Kh2 Nd7 55.e5 Rh1+ 56.Qxh1 Qxh1+ 57.Kxh1 Bxe5
58.Nxe5 dxe5 59.Rd2 Nb6 60.Kg2 f5 61.Rb2 Nxa4 62.Rb5 e4 63.Rxa5 Nb6  1/2-1/2

[Event "Metz op"]
[Site "Metz"]
[Date "1998.04.10"]
[Round "6"]
[White "Zawadski, Stephane"]
[Black "Del Rio de Angeles, Gabriel"]
[Result "0-1"]
[WhiteElo "2195"]
[BlackElo "2395"]

1.d4 e6 2.c4 Nf6 3.Nf3 c5 4.d5 d6 5.Nc3 exd5 6.cxd5 g6 7.e4 a6 8.a4 Bg4 9.Be2 Bxf3
10.Bxf3 Bg7 11.O-O Nbd7 12.Bf4 Qe7 13.Qb3 Rb8 14.a5 O-O 15.Rfc1 h6 16.h3 Nh7
17.Qd1 Ng5 18.h4 Nxf3+ 19.Qxf3 Ne5 20.Bxe5 Bxe5 21.h5 Qh4 22.g3 Qxh5 23.Qxh5 gxh5
24.Kg2 f5 25.Rh1 f4 26.Rxh5 fxg3 27.fxg3 Rf6 28.Rf1 Rxf1 29.Kxf1 Kg7 30.Na4 Bxg3
31.Rh3 Be5 32.Rb3 Rf8+ 33.Kg2 Rf7 34.Nb6 Kg6 35.Nc4 Rg7 36.Nxe5+ Kf6+ 37.Ng4+ Rxg4+
38.Kf3 Rg7 39.Kf4 h5 40.Rb6 Rg4+ 41.Kf3 Ke5 42.Rxb7 Rf4+ 43.Kg3 Rxe4 44.Rb6 Rb4
45.Rxa6 Kxd5 46.Ra8 Rxb2 47.a6 Ra2 48.a7 Kd4 49.Kh4 c4 50.Kxh5 c3 51.Kg5 c2
52.Rc8 Kd3  0-1

[Event "Dreifluesse op"]
[Site "Passau"]
[Date "1998.04.12"]
[Round "5"]
[White "Knollhuber, Peter"]
[Black "Rebitzer, Winfried"]
[Result "1/2-1/2"]
[WhiteElo "1700"]
[BlackElo "1889"]

1.d4 Nf6 2.Nf3 e6 3.c4 c5 4.d5 exd5 5.cxd5 d6 6.Nc3 g6 7.e4 a6 8.a4 Bg4 9.Bd3 Bg7
10.h3 Bxf3 11.Qxf3 Nbd7 12.Bf4 Qc7 13.Qe2 O-O 14.O-O Rfe8 15.Qd2 Rab8 16.a5 c4
17.Bc2 b5 18.axb6 Rxb6 19.Na4 Rb5 20.Nc3 Rb6 21.Na4  1/2-1/2

[Event "Dreifluesse op"]
[Site "Passau"]
[Date "1998.04.12"]
[Round "5"]
[White "Wimmer, Christian"]
[Black "Rosskopf, Erich"]
[Result "0-1"]
[WhiteElo "1667"]
[BlackElo "1768"]

1.d4 Nf6 2.c4 e6 3.Nc3 c5 4.d5 exd5 5.cxd5 d6 6.Nf3 g6 7.Bf4 a6 8.e3 Bg7
9.Be2 O-O 10.O-O Re8 11.h3 Nbd7 12.Bxd6 Qb6 13.Bf4 Qxb2 14.Na4 Qb4 15.a3 Qa5
16.Rc1 Ne4 17.Ng5 Nxg5 18.Bxg5 Re4 19.Nc3 Re8 20.Qb3 b5 21.Nb1 c4 22.Bxc4 bxc4
23.Qxc4 Ne5 24.Qb3 Bf5 25.Rfd1 Rab8 26.Qa2 Nd3 27.Rc6 Nb4 28.Qc4 Nxc6 29.Qxc6 Rec8
30.Qd7  0-1

[Event "GRE-chT"]
[Site "Poros"]
[Date "1998.04.24"]
[Round "7"]
[White "Rychagov, Andrei"]
[Black "Foukakis, Theodoros"]
[Result "1-0"]
[WhiteElo "2495"]
[BlackElo "2180"]

1.d4 Nf6 2.Nf3 c5 3.d5 d6 4.c4 e6 5.Nc3 exd5 6.cxd5 a6 7.a4 g6 8.h3 Bg7 9.e4 O-O
10.Bd3 Re8 11.O-O c4 12.Bc2 Nbd7 13.Be3 Qa5 14.Nd2 Qb4 15.Na2 Qa5 16.Nxc4 Qc7
17.Nd2 b5 18.Rc1 Qb7 19.Nc3 b4 20.Ne2 Nb6 21.a5 Nbd7 22.Ba4 Qb8 23.Bc6 Bb7
24.Nd4 Bxc6 25.Nxc6 Qb5 26.Rc4 Ne5 27.Rxb4 Qd3 28.Rb3  1-0

[Event "Zepter op"]
[Site "Minsk"]
[Date "1998.04.26"]
[Round "2"]
[White "Dubinka, Inna"]
[Black "Volzhin, Alexander"]
[Result "0-1"]
[WhiteElo "2315"]
[BlackElo "2510"]

1.d4 Nf6 2.c4 e6 3.Nf3 c5 4.d5 exd5 5.cxd5 d6 6.Nc3 g6 7.e4 a6 8.a4 Bg4 9.Be2 Bxf3
10.Bxf3 Bg7 11.O-O O-O 12.Bf4 Qe7 13.Re1 Nbd7 14.Qc2 Ne8 15.g3 Nc7 16.a5 Nb5
17.Nxb5 axb5 18.Qb3 b4 19.Bg4 Ne5 20.Be2 Qc7 21.Bxe5 Bxe5 22.a6 Bd4 23.axb7 Rxa1
24.Rxa1 Qxb7 25.Bd3 h5 26.Ra6 Qe7 27.Qa2 f5 28.exf5 Qe1+ 29.Kg2 Rxf5 30.Qb1 Rxf2+
31.Kh3 Qd2  0-1

[Event "Zepter op"]
[Site "Minsk"]
[Date "1998.04.27"]
[Round "3"]
[White "Gagarin, Vasilij"]
[Black "Berelovich, Aleksandar"]
[Result "0-1"]
[WhiteElo "2415"]
[BlackElo "2515"]

1.d4 Nf6 2.Nf3 e6 3.c4 c5 4.d5 exd5 5.cxd5 d6 6.Nc3 g6 7.g3 Bg7 8.Bg2 O-O
9.O-O Re8 10.h3 Ne4 11.Nxe4 Rxe4 12.Nd2 Re8 13.a4 Nd7 14.Rb1 b6 15.b3 Ba6
16.Nc4 Qc7 17.Qc2 b5 18.axb5 Bxb5 19.Bb2 Bxb2 20.Rxb2 Bxc4 21.bxc4 Reb8 22.Rxb8+ Rxb8
23.Qa4 Nb6 24.Qa2 Rc8 25.e4 a5 26.e5 a4 27.f4 Re8 28.Qb2 dxe5 29.Qb5 Rb8
30.Qc6 Qxc6 31.dxc6 a3 32.fxe5 Nxc4 33.Ra1 Rc8 34.Kf2 Nxe5 35.Rxa3 Nxc6 36.Bd5 Rc7
37.Ke3 Kg7 38.g4 Nb4 39.Be4 Kf6 40.Kf4 h6 41.Ra8 c4 42.Rb8 Nd3+ 43.Bxd3 cxd3
44.Rd8 Rc4+ 45.Kf3 Rc3 46.h4 d2+ 47.Kg2 Rc2 48.Kf3 Ke5 49.Rd7 Rc3+ 50.Ke2 Rc4
51.Rxf7 Rxg4 52.h5 Rg2+ 53.Kd1 gxh5 54.Rh7 h4 55.Rxh6 Rh2 56.Rh8 h3 57.Kc2 Rh1
58.Kxd2 h2 59.Re8+ Kd6 60.Re2 Ra1  0-1

[Event "Zepter op"]
[Site "Minsk"]
[Date "1998.05.01"]
[Round "7"]
[White "Tihonov, Jurij"]
[Black "Notkin, Maksim"]
[Result "0-1"]
[WhiteElo "2400"]
[BlackElo "2505"]

1.d4 Nf6 2.c4 c5 3.d5 e6 4.Nc3 exd5 5.cxd5 d6 6.Nf3 g6 7.e4 Bg7 8.h3 O-O
9.Bd3 b5 10.Nxb5 Re8 11.O-O Nxe4 12.Qb3 a6 13.Na3 Nd7 14.Nc4 Rb8 15.Qc2 f5
16.Bxe4 fxe4 17.Ng5 Nf6 18.Re1 h6 19.Nxe4 Bf5 20.Nxf6+ Qxf6 21.Rxe8+ Rxe8
22.Qd1 Qd4 23.Nd2 Qd3 24.a4 Qc2 25.Qxc2 Re1+ 26.Kh2 Bxc2 27.Kg3 g5 28.f3 Bd4
29.Nc4 Bd3 30.Nd2 c4 31.Ne4 Bxe4 32.fxe4 Be3 33.Bxe3 Rxa1 34.Bb6 Rxa4 35.e5 Rb4
36.Bc7 Rb5  0-1

[Event "Copenhagen op"]
[Site "Copenhagen"]
[Date "1998.06.21"]
[Round "1"]
[White "Sammalvuo, Tapani"]
[Black "Petersen, Peter Birk"]
[Result "1-0"]
[WhiteElo "2395"]
[BlackElo "2195"]

1.d4 Nf6 2.c4 e6 3.Nf3 c5 4.d5 exd5 5.cxd5 d6 6.Nc3 g6 7.e4 Bg7 8.h3 O-O
9.Bd3 b5 10.O-O a6 11.Re1 Nbd7 12.Bf4 Ne8 13.Bg5 Bf6 14.Bh6 Bg7 15.Bxg7 Kxg7
16.a3 Ne5 17.Bf1 Nxf3+ 18.Qxf3 Ra7 19.b4 Rc7 20.bxc5 Rxc5 21.Qe3 Qe7 22.f4 f6
23.Qd4 Kg8 24.e5 fxe5 25.fxe5 dxe5 26.Rxe5 Qd7 27.Rae1 Nd6 28.Re7 Nf5 29.Rxd7 Nxd4
30.Ree7 Nf5 31.Rc7 Rxc7 32.Rxc7 Nd6 33.Be2 Rd8 34.Kf2 Rd7 35.Rc5 h5 36.Bd3 Kg7
37.Ke3 Re7+ 38.Kd4 Bd7 39.Rc7 Kf6 40.Ra7 Bc8 41.Rxe7 Kxe7 42.Bxg6 h4 43.Bd3 Kd7
44.Ne2 Kc7 45.Ng1 Bf5 46.Nf3 Bxd3 47.Kxd3 Nc4 48.Nxh4 Nxa3 49.Nf5 Nc4 50.h4 a5
51.h5 a4 52.h6 a3 53.h7 Ne5+ 54.Kc2 Ng6 55.g4 Nh8 56.g5 Kd7 57.Nh4  1-0

[Event "White Nights op"]
[Site "St Petersburg"]
[Date "1998.06.26"]
[Round "7"]
[White "Rutman, A."]
[Black "Blechzin, Igor"]
[Result "1/2-1/2"]
[WhiteElo "2320"]
[BlackElo "2400"]

1.d4 Nf6 2.c4 e6 3.Nc3 c5 4.d5 exd5 5.cxd5 d6 6.Nf3 g6 7.e4 Bg4 8.Bb5+ Nbd7
9.h3 Bxf3 10.Qxf3 a6 11.Bxd7+ Nxd7 12.Qg3 Bg7 13.O-O O-O 14.Bg5 Qb6 15.Rab1 Rfe8
16.Rfe1 c4 17.Be3 Qc7 18.Bf4 Ne5 19.Bxe5 Bxe5 20.f4 Bg7 21.Rbd1 Qb6+ 22.Qf2 Qxf2+
23.Kxf2 b5 24.a3 Rab8 25.Re2 a5 26.a4 bxa4 27.Nxa4 f5 28.exf5 Rxe2+ 29.Kxe2 Rb4
30.Ra1 gxf5 31.Kd2 Rb5 32.Kc2 Rxd5 33.Nc3 Rd4 34.g3 Rd3 35.Ne2 Rb3 36.Nc3 d5
37.Ra4 d4 38.Rxc4 Rb7 39.Ne2 d3+ 40.Kxd3 Rb3+ 41.Nc3 Rxb2 42.Rc8+ Bf8 43.Ra8 Rf2
44.Ke3 Rc2 45.Kd3 Rf2 46.Ke3  1/2-1/2

[Event "White Nights op"]
[Site "St Petersburg"]
[Date "1998.06.27"]
[Round "8"]
[White "Blechzin, Igor"]
[Black "Ivanov, MI."]
[Result "1-0"]
[WhiteElo "2400"]
[BlackElo "2315"]

1.d4 Nf6 2.c4 e6 3.Nf3 c5 4.d5 exd5 5.cxd5 d6 6.Nc3 g6 7.h3 Bg7 8.e4 O-O
9.Bd3 Nfd7 10.Bf4 Ne5 11.Nxe5 dxe5 12.Be3 b6 13.O-O Ba6 14.Bxa6 Nxa6 15.Qa4 Nc7
16.b4 cxb4 17.Qxb4 Qd7 18.a4 Rfc8 19.a5 Bf8 20.Qb3 b5 21.Rac1 a6 22.Ne2 Ne8
23.f4 Bd6 24.fxe5 Bxe5 25.Nd4 Rxc1 26.Rxc1 Nd6 27.Nc6 Bg7 28.e5 Nc4 29.Bf4 Re8
30.Qf3 Nxe5 31.Bxe5 Bxe5 32.Nxe5 Rxe5 33.Qf6 Rxd5 34.Qxa6 Kg7 35.Qc6 Qe6
36.Qxe6 fxe6 37.Rc7+ Kf6 38.Rxh7 Rd1+ 39.Kf2 Ra1 40.Ra7 Ke5 41.Rg7 Rxa5 42.Rxg6 Kd5
43.Ke3 b4 44.Kd3 Rc5 45.Rg4 Rc3+ 46.Kd2 Kc5 47.h4 Ra3 48.h5 Kd6 49.h6 Ra8
50.h7 Rh8 51.Rg7 Ke5 52.Rf7 Rc8 53.g4 b3 54.Rc7 Rh8 55.g5 Kf5 56.Rg7  1-0

[Event "SVK-ch"]
[Site "Prievidza"]
[Date "1998.06.28"]
[Round "2.10"]
[White "Kaniansky, Miroslav"]
[Black "Priehoda, Vitezslav"]
[Result "1/2-1/2"]
[WhiteElo "2155"]
[BlackElo "2390"]

1.d4 Nf6 2.Nf3 e6 3.c4 c5 4.d5 exd5 5.cxd5 d6 6.Nc3 g6 7.h3 a6 8.a4 Qe7 9.Bg5 Bg7
10.e3 h6 11.Bh4 O-O 12.Be2 Nbd7 13.O-O Rb8 14.Nd2 g5 15.Bg3 Ne8 16.e4 Ne5
17.a5 Bd7 18.f4 Ng6 19.fxg5 hxg5 20.Bg4 Be5 21.Bxe5 Nxe5 22.Bxd7 Qxd7 23.Nf3 Nxf3+  1/2-1/2

[Event "World op"]
[Site "Philadelphia"]
[Date "1998.06.30"]
[Round "4"]
[White "Van de Mortel, Jan"]
[Black "Hernandez, Gilberto"]
[Result "0-1"]
[WhiteElo "2335"]
[BlackElo "2525"]

1.d4 Nf6 2.Nf3 c5 3.d5 e6 4.c4 exd5 5.cxd5 d6 6.Nc3 g6 7.e4 Bg7 8.h3 O-O
9.Bd3 b5 10.Nxb5 Re8 11.O-O Nxe4 12.Re1 a6 13.Na3 Nf6 14.Rxe8+ Nxe8 15.Bg5 Qc7
16.Qa4 Nf6 17.Re1 Bb7 18.Qh4 Nbd7 19.Nc4 Nxd5 20.Qg3 Bf8 21.a3 N7f6 22.Bd2 Re8
23.Rxe8 Nxe8 24.Ng5 Ndf6 25.Na5 Bc8 26.Ne4 Nxe4 27.Bxe4 Nf6 28.Bd3 Qe7 29.b4 Ne4
30.Bxe4 Qxe4 31.bxc5 dxc5 32.Qb8 Bf5 33.Kh2 Qd5 34.Bf4 Qd7 35.Nc4 Be6 36.Nb6 Qe7
37.Qa8 g5 38.Bg3 c4 39.Qxa6 Qxa3  0-1

[Event "Budapest FS07 Elo"]
[Site "Budapest"]
[Date "1998.07.05"]
[Round "2"]
[White "Bock, Juergen"]
[Black "Lukasovics, Laszlo"]
[Result "1-0"]
[WhiteElo "2210"]
[BlackElo "2140"]

1.d4 Nf6 2.c4 e6 3.Nf3 c5 4.d5 exd5 5.cxd5 d6 6.Nc3 g6 7.h3 Bg7 8.e4 O-O
9.Bd3 b6 10.a4 Qe7 11.O-O Ba6 12.Nb5 Bxb5 13.axb5 Nxe4 14.Qe2 f5 15.Ng5 Re8
16.Ne6 Bf6 17.Bxe4 fxe4 18.Ra4 Qb7 19.Qxe4 Nd7 20.Qf3 Re7 21.Bf4 Rf7 22.Qd1 Be5
23.Bxe5 Nxe5 24.f4 Nd7 25.f5 Nf8 26.f6 Re8 27.Ng5 Re5 28.Nxf7 Kxf7 29.Qa1 Qxd5
30.Rxa7+ Kg8 31.Rg7+ Kh8 32.Qa7 Re8 33.Rxh7+  1-0

[Event "St Veit op 17th"]
[Site "St Veit"]
[Date "1998.07.15"]
[Round "5"]
[White "Horvath, Peter"]
[Black "Starc, Christian"]
[Result "1-0"]
[WhiteElo "2405"]
[BlackElo "2170"]

1.d4 Nf6 2.Nf3 c5 3.d5 e6 4.c4 exd5 5.cxd5 d6 6.Nc3 g6 7.g3 Bg7 8.Bg2 O-O
9.O-O Re8 10.Nd2 Nbd7 11.Nc4 Nb6 12.Ne3 Ng4 13.Nc2 h5 14.h3 Nh6 15.e4 a6
16.a4 Nc4 17.Ne3 Na5 18.Rb1 Rb8 19.Bd2 b6 20.b4 cxb4 21.Rxb4 Bd7 22.Qb1 Rb7
23.Qd3 Rc7 24.Ne2 Ra7 25.Bc3 Bxc3 26.Nxc3 Qc7 27.Rfb1 Rc8 28.Ned1 Nc4 29.Bf1 Ne5
30.Qe3 Kh7 31.f4 Qc5 32.Qxc5 dxc5 33.R4b2 Nf3+ 34.Kg2 Nd4 35.Rxb6 a5 36.Ne3 Ng8
37.R1b2 Ne7 38.Rb7 Rca8 39.Bc4 Bc8 40.Rxa7 Rxa7 41.Nb5 Ra8 42.Nxd4 cxd4 43.Rb5 f5
44.Rb6  1-0

[Event "RUS-Cup07"]
[Site "Tomsk"]
[Date "1998.07.22"]
[Round "8"]
[White "Driamin, Dmitrij"]
[Black "Shariyazdanov, Andrey"]
[Result "1/2-1/2"]
[WhiteElo "2230"]
[BlackElo "2495"]

1.d4 Nf6 2.c4 e6 3.Nf3 c5 4.d5 exd5 5.cxd5 d6 6.Nc3 g6 7.g3 Bg7 8.Bg2 O-O
9.O-O a6 10.a4 Nbd7 11.Bf4 Qe7 12.a5 Rb8 13.Na4 b5 14.axb6 Nxb6 15.Nxb6 Rxb6
16.Nd2 Rb4 17.Ra4 Rxa4 18.Qxa4 Nh5 19.Nc4 Nxf4 20.gxf4 Qxe2 21.Nxd6 Bg4 22.b3 Bd4
23.h3 Bh5 24.Qc4 Qd2 25.Ne4 Qxf4 26.Nxc5 Qh4 27.Ne4 Be5 28.Qxa6 Bf3 29.Qd3 Bxg2
30.Kxg2 f5 31.Nd2 Qg5+ 32.Kh1 Qf4 33.Nf3 Bd6 34.Kg2 Re8 35.Ra1 g5 36.Ra4 Re4
37.Qd2 Qxd2 38.Nxd2 Re2 39.Nf3 Bc5 40.Nxg5 Rxf2+ 41.Kg3 Be3 42.Nf3 Rf1 43.Nd4 f4+
44.Kg4 Rd1 45.Nf5 Kf7 46.Re4 Rxd5 47.Nxe3 fxe3 48.Rxe3 Rb5 49.Kf4 Kg6 50.Re6+ Kf7
51.Re3 Kg6 52.Rg3+ Kh5 53.Ke4 Rb8 54.Kd4 Kh4 55.Re3 h5 56.Kc4 Rc8+ 57.Kd4 Rb8
58.Kc4 Rc8+  1/2-1/2

[Event "RUS-ch51"]
[Site "St Petersburg"]
[Date "1998.08.03"]
[Round "7"]
[White "Tunik, Gennady"]
[Black "Pigusov, Evgeny"]
[Result "0-1"]
[WhiteElo "2480"]
[BlackElo "2605"]

1.d4 Nf6 2.c4 e6 3.Nf3 c5 4.d5 exd5 5.cxd5 d6 6.Nc3 g6 7.Nd2 Nbd7 8.e4 Bg7
9.Be2 O-O 10.O-O Re8 11.a4 Ne5 12.h3 g5 13.Nf3 Nxf3+ 14.Bxf3 h6 15.Re1 a6
16.a5 Rb8 17.Bd2 Bd7 18.Nb1 Bb5 19.Bc3 Nd7 20.Bxg7 Kxg7 21.Nc3 Qf6 22.Re3 Ne5
23.Be2 Bd7 24.Qd2 Ng6 25.Bf1 h5 26.Rae1 g4 27.e5 Rxe5 28.Rxe5 Nxe5 29.Ne4 Qg6
30.Qc3 Re8 31.Nxc5 Rc8 32.Rxe5 Rxc5 33.Qe3 dxe5 34.Qxc5 gxh3 35.Qe7 Bb5 36.Qxe5+ Kg8
37.g3 h2+ 38.Kxh2 Bxf1 39.Qb8+ Kg7 40.Kg1 Bh3 41.Kh2 Qe4 42.f3 Qxf3  0-1

[Event "Budapest FS08 IM-A"]
[Site "Budapest"]
[Date "1998.08.06"]
[Round "6"]
[White "Dobos, Jozsef"]
[Black "Pham Minh Hoang"]
[Result "1/2-1/2"]
[WhiteElo "2380"]
[BlackElo "2245"]

1.d4 Nf6 2.c4 c5 3.d5 e6 4.Nc3 exd5 5.cxd5 d6 6.Nf3 g6 7.Bf4 a6 8.e4 Bg7
9.Qa4+ Kf8 10.Be2 Nh5 11.Be3 Nd7 12.O-O h6 13.Rac1 b5 14.Qc2 Kg8 15.a4 bxa4
16.Nxa4 Nb6 17.b4 Nxa4 18.Qxa4 Bd7 19.Qa3 Bb5 20.Rfe1 cxb4 21.Qxb4 Bxe2 22.Rxe2 Kh7
23.g3 Re8 24.Bd4 Nf6 25.Rce1 a5 26.Qa3 Qd7 27.Qa1 Nh5 28.Bxg7 Nxg7 29.Nd4 Nh5
30.Kg2 Qg4 31.Qc1 a4 32.h3 Qd7 33.Qa3 Nf6 34.Nc6 Qc7 35.Qf3 Kg7 36.Qa3 Nd7
37.Rc1 Nc5 38.e5 Qd7 39.Rce1 Qf5 40.Re3 Kg8 41.Kg1 Qxh3 42.exd6 Rxe3 43.Rxe3 Nd7
44.Re4 Qh5 45.g4 Qg5 46.Rxa4 Rxa4 47.Qxa4 Kh7 48.Qd4 h5 49.f3 Qh4 50.Kg2 hxg4
51.fxg4 Qe1 52.g5 Qe2+ 53.Kg3 Qe1+ 54.Kg4 Qe2+ 55.Kg3 Qe1+ 56.Qf2 Qxf2+ 57.Kxf2 Kg7
58.Ke3 f6 59.Kf4 fxg5+ 60.Kxg5 Kf7 61.Nd8+ Ke8 62.Ne6 Nb6  1/2-1/2

[Event "COL-ch"]
[Site "Pensilvania"]
[Date "1998.08.08"]
[Round "7"]
[White "Clavijo, Jorge Mario"]
[Black "Garcia, Gildardo"]
[Result "1/2-1/2"]
[WhiteElo "2400"]
[BlackElo "2510"]

1.d4 Nf6 2.c4 e6 3.Nc3 c5 4.d5 exd5 5.cxd5 d6 6.Nf3 a6 7.e4 g6 8.Bf4 Bg4
9.Qa4+ Nbd7 10.Nd2 b5 11.Qc2 Nh5 12.Be3 Ne5 13.f4 Bh6 14.g3 O-O 15.Bg2 b4
16.Nd1 Bxd1 17.Rxd1 Ng4 18.Nc4 Nxe3 19.Nxe3 Bg7 20.Nc4 Bd4 21.Kf1 Re8 22.Bf3 Nf6
23.Kg2 Ra7 24.Rhe1 Rae7  1/2-1/2

[Event "ARG-ch97"]
[Site "Villa Martelli"]
[Date "1998.08.12"]
[Round "6"]
[White "Sorin, Ariel"]
[Black "Hoffman, Alejandro"]
[Result "0-1"]
[WhiteElo "2470"]
[BlackElo "2525"]

1.d4 Nf6 2.c4 e6 3.Nf3 c5 4.d5 exd5 5.cxd5 d6 6.Nc3 g6 7.e4 Bg7 8.Be2 O-O
9.O-O Re8 10.Qc2 Bg4 11.h3 Bxf3 12.Bxf3 a6 13.a4 Nbd7 14.Bf4 Qc7 15.a5 Ne5
16.Be2 Nfd7 17.Bd2 c4 18.Na4 Rac8 19.Rac1 Nc5 20.Nb6 Nb3 21.Nxc8 Nxc1 22.Rxc1 Rxc8
23.f4 Nd7 24.Kh1 b5 25.axb6 Qxb6 26.Bg4 Qb5 27.Bc3 Rc5 28.Bxg7 Kxg7 29.Qc3+ Kg8
30.Be2 Nb6 31.Bd1 Qa5 32.Qf6 Qe1+ 33.Kh2 Qxe4 34.Bf3 Qf5 35.Qxd6 Rb5 36.Re1 h5
37.Re8+ Kh7 38.Be4 Rxd5 39.Rh8+ Kxh8 40.Qf8+ Kh7 41.Bxf5 Rxf5 42.Qd6 Na4
43.Qb4 Nxb2 44.Qxb2 Rxf4 45.Qe5 Rf5 46.Qd4 Kg8 47.Qxc4 a5 48.g4 hxg4 49.hxg4 Re5
50.Qc3 f6 51.Qc7 g5 52.Kg3 Kf8 53.Qh7 Ke8 54.Qg6+ Ke7 55.Qg7+ Ke6 56.Qf8 Re3+
57.Kg2 Re4 58.Qe8+ Kd5 59.Qd7+ Kc4 60.Qc6+ Kd3 61.Qxf6 Rxg4+ 62.Kh3 Rh4+
63.Kg3 a4 64.Qxg5 Rc4 65.Qe5 Kc2 66.Kf2 Kb3 67.Qb5+ Rb4 68.Qd5+ Kb2 69.Qe5+ Ka2
70.Ke2 a3 71.Kd3 Rb2 72.Qd5+ Ka1 73.Kc3 Kb1 74.Qe4+ Ka1 75.Qe6 Kb1 76.Qe1+ Ka2
77.Qd1 Rb1 78.Qc2+ Rb2 79.Qa4 Rb1 80.Qc4+ Ka1 81.Qe2 Rb2 82.Qd1+ Ka2 83.Qh1 Rb3+
84.Kc4 Rb2 85.Qd5 Ka1 86.Qe4 Ka2 87.Kc3 Ka1 88.Qf5 Ka2 89.Qf1 Rb3+ 90.Kc4 Rb2
91.Qf3 Rb1 92.Qe2+ Rb2 93.Qd1 Rb1 94.Qa4 Rb2 95.Kc3 Rb1 96.Qc4+ Ka1 97.Qe2 Rb2
98.Qe1+ Ka2 99.Qe4 Ka1 100.Qd4 Ka2 101.Qe4 Ka1 102.Qd5 Kb1 103.Qa5 Ka2 104.Qa4 Rb1
105.Qe4 Rb2  0-1

[Event "ESP-ch"]
[Site "Linares"]
[Date "1998.08.14"]
[Round "3"]
[White "Oms Pallise, Josep"]
[Black "Del Rio de Angeles, Gabriel"]
[Result "1-0"]
[WhiteElo "2440"]
[BlackElo "2365"]

1.d4 Nf6 2.Nf3 e6 3.c4 c5 4.d5 d6 5.Nc3 exd5 6.cxd5 g6 7.e4 Bg7 8.h3 O-O
9.Bd3 a6 10.a4 Nbd7 11.O-O Nh5 12.Bg5 Bf6 13.Bh6 Re8 14.Qd2 Ne5 15.Be2 Nxf3+
16.Bxf3 Ng7 17.Bg4 Bxg4 18.hxg4 Qd7 19.f3 Re7 20.Be3 Ne8 21.g5 Be5 22.Rab1 f5
23.gxf6 Nxf6 24.b4 c4 25.a5 Nh5 26.Ne2 Rf8 27.Rbc1 c3 28.Nxc3 Ng3 29.Rf2 g5
30.Ne2 g4 31.Nd4 Qe8 32.fxg4 Nxe4 33.Rxf8+ Qxf8 34.Qd3 Ng3 35.Ne6 Qf7 36.Bf2  1-0

[Event "Wch (Women) U26"]
[Site "Rotterdam"]
[Date "1998.08.14"]
[Round "4"]
[White "Dubinka, Inna"]
[Black "Brunner, Florence"]
[Result "0-1"]
[WhiteElo "2325"]
[BlackElo "2070"]

1.d4 Nf6 2.c4 e6 3.Nf3 c5 4.d5 exd5 5.cxd5 d6 6.Nc3 Bg4 7.Nd2 a6 8.a4 Nbd7
9.f3 Bh5 10.e4 Ne5 11.Be2 g5 12.O-O Bg7 13.a5 O-O 14.f4 Bxe2 15.Qxe2 gxf4
16.Rxf4 b5 17.axb6 Qxb6 18.Nf1 Ng6 19.Rf5 a5 20.Ng3 Rae8 21.Be3 Rb8 22.Rf2 Ne5
23.Nf5 Nfg4 24.Nxg7 Kxg7 25.Raf1 Kh8 26.Bg5 c4 27.h3 f6 28.Na4 Qd4 29.Bh4 Nxf2
30.Bxf2 Qd3 31.Qe1 Rb4 32.Qa1 Qb3 33.Nc3 Qxb2 34.Bd4 Rg8 35.Qxb2 Rxb2 36.g4 Rd2
37.Bb6 Rd3 38.Bxa5 Ra8 39.Bb4 Rb8 40.Bxd6 Rb2 41.g5 Rg3+ 42.Kh1 Rxh3+ 43.Kg1 Nf3+
44.Rxf3 Rxf3 45.Be7 fxg5  0-1

[Event "Mislata op7th"]
[Site "Valencia"]
[Date "1998.08.15"]
[Round "3.3"]
[White "Lozano Arribas, Carlos"]
[Black "Spassov, Liuben"]
[Result "1-0"]
[WhiteElo "2205"]
[BlackElo "2440"]

1.d4 Nf6 2.Nf3 e6 3.c4 c5 4.d5 d6 5.Nc3 exd5 6.cxd5 g6 7.e4 a6 8.a4 Bg4 9.Be2 Bxf3
10.Bxf3 Nbd7 11.Bf4 Qe7 12.O-O Bg7 13.Re1 O-O 14.Qc2 Rab8 15.a5 h5 16.h3 Ne8
17.Be2 Nc7 18.Rab1 b5 19.axb6 Rxb6 20.Na4 Rb4 21.Bd2 Rxe4 22.Bg4 Rxe1+ 23.Rxe1 Qd8
24.Bxd7 Qxd7 25.Nb6 Qb5 26.Nc4 Nxd5 27.b3 Nb4 28.Bxb4 Qxb4 29.Rd1 Rd8 30.Rd5 Qe1+
31.Kh2 Bd4 32.Kg3 Qe6  1-0

[Event "CRO-chT"]
[Site "Porec"]
[Date "1998.09.10"]
[Round "5"]
[White "Begovac, Franja"]
[Black "Feletar, Darko"]
[Result "1/2-1/2"]
[WhiteElo "2430"]
[BlackElo "2355"]

1.d4 Nf6 2.c4 e6 3.Nf3 c5 4.d5 exd5 5.cxd5 d6 6.Nc3 g6 7.Nd2 Bg7 8.e4 O-O
9.Be2 Re8 10.O-O Nbd7 11.a4 Ne5 12.Qc2 Nfg4 13.h3 Nh6 14.Nf3 Nxf3+ 15.Bxf3 f5
16.Ne2 Nf7 17.Ng3 fxe4 18.Bxe4 Qh4 19.Ra3 Bd7 20.Bd2 Re7 21.Rf3 Bd4 22.Be3 Bxe3
23.Rxe3 Rae8 24.Rfe1 Ng5 25.a5 Qf4 26.R3e2 Qf6 27.Qc3 Qxc3 28.bxc3 Bb5 29.Rb2 Bc4
30.f3 Kg7 31.Reb1 Rb8 32.h4 Nf7 33.Nf1 Bxf1 34.Kxf1 Ne5 35.Ra2 Nd7 36.Kf2 Nf6
37.Ra4 Rbe8 38.Rb2 Rf7 39.Kg3 Re5 40.Rd2 b5 41.axb6 axb6 42.Rb2 Rb7 43.Ra6 Nxe4+
44.fxe4 Rxe4 45.Raxb6 Re3+ 46.Kf4 Rxb6 47.Rxb6 Rxc3 48.Rxd6 Rc4+ 49.Ke5 Rxh4
50.Rd7+ Kf8 51.Rc7 h5 52.d6 Ke8 53.Ke6 Re4+ 54.Kd5 Ra4 55.Rg7 Ra2 56.Rxg6 c4
57.Rg8+ Kd7 58.Rg7+ Kd8 59.Kxc4 Rd2 60.Kc5 Rc2+ 61.Kd5 Rd2+ 62.Ke5 Re2+ 63.Kf4 Rd2
64.d7 h4 65.Kf3 Rd4 66.Rh7 Ra4 67.Kf2 Rd4 68.Kg1 Ra4 69.Kh2 Rg4 70.Kg1 Ra4
71.Kf1 Rb4 72.Kf2 Rd4 73.Rg7 Ra4 74.Kf3 Rb4 75.Rg4 Rb3+ 76.Kf2 h3 77.g3 h2
78.Kg2 Rb2+ 79.Kh1 Kxd7 80.Rh4 Ke6 81.Rxh2  1/2-1/2